000
00265nam a2200109Ia 4500
005
20251222154320.0
008
251222s9999||||xx |||||||||||||| ||spa||
082
_a
657.42/C28
100
_a
"Carpio U., Fernando del"
245
0
_a
Contabilidad de costos
942
_c
LIB
999
_c
33754
_d
33754